[Event "International Championship of Central Se"]
[Site "Paracin, hotel "]
[Date "2012.07.11"]
[Round "7.30"]
[White "Pantelic, Sasa"]
[Black "Radovanovic, Nikola"]
[Result "1-0"]
[WhiteElo "2362"]
[BlackElo "2191"]
[PlyCount "131"]
[EventDate "2012.07.06"]

1. d4 Nf6 2. c4 g6 3. Nc3 d5 4. Nf3 Bg7 5. Bg5 Ne4 6. cxd5 Nxc3 7. bxc3 Qxd5 8.
Qb3 Qd8 9. e4 O-O 10. Be2 c5 11. O-O Nc6 12. d5 Na5 13. Qa3 b6 14. Rad1 Qd6 15.
Qc1 e5 16. Nd2 Bd7 17. Qa3 Rfe8 18. Ba6 f5 19. f3 f4 20. Rb1 h6 21. Bh4 g5 22.
Bf2 h5 23. Bb5 Bf8 24. Kh1 Bxb5 25. Rxb5 Nb7 26. Nc4 Qd7 27. Qb3 Nd6 28. Nxd6
Bxd6 29. a4 Reb8 30. Rd1 g4 31. c4 Kh7 32. Qc2 Rg8 33. Qe2 Rab8 34. a5 Bc7 35.
axb6 axb6 36. Rb2 Rg6 37. Ra2 Rbg8 38. Bh4 Kh6 39. Be1 R8g7 40. Rdd2 Qf7 41.
Ra8 Rg8 42. Rxg8 Qxg8 43. Ra2 Qb8 44. Ra1 Qc8 45. Bd2 Kh7 46. Ra3 Qd8 47. Qf1
Rg7 48. Ra7 Qb8 49. Qa1 Qc8 50. Ra8 Qd7 51. Qf1 Bd6 52. Qd3 Rg6 53. Qb3 h4 54.
Qxb6 Bc7 55. Rh8+ Kxh8 56. Qxg6 gxf3 57. Qh5+ Kg7 58. Qxf3 Kg6 59. Kg1 Bd8 60.
h3 Bg5 61. Bc3 Qa4 62. Qe2 Kf6 63. Qg4 Kg6 64. Bxe5 Qxc4 65. Qf5+ Kh5 66. Qh7+
1-0

[Event "International Championship of Central Se"]
[Site "Paracin, hotel "]
[Date "2012.07.11"]
[Round "7.32"]
[White "Rubil, Marko"]
[Black "Nenezic, Marko"]
[Result "0-1"]
[WhiteElo "2205"]
[BlackElo "2346"]
[PlyCount "98"]
[EventDate "2012.07.06"]

1. e4 c5 2. Nf3 Nc6 3. d4 cxd4 4. Nxd4 Nf6 5. Nc3 e5 6. Ndb5 d6 7. Bg5 a6 8.
Na3 b5 9. Nd5 Be7 10. Bxf6 Bxf6 11. c3 Ne7 12. Nxf6+ gxf6 13. Nc2 Bb7 14. a4
Bxe4 15. axb5 axb5 16. Bxb5+ Kf8 17. Ne3 Rxa1 18. Qxa1 Rg8 19. Bf1 Nd5 20. Qa7
Nxe3 21. Qxe3 Qa8 22. Qd2 Qa1+ 23. Ke2 Ke7 24. f3 Rb8 25. b4 Ra8 26. fxe4 Ra2
27. h4 Rxd2+ 28. Kxd2 f5 29. exf5 d5 30. Kc2 Qa2+ 31. Kd3 Qb1+ 32. Kd2 d4 33.
f6+ Kxf6 34. cxd4 Qxb4+ 35. Ke2 Qb2+ 36. Ke1 Qc3+ 37. Ke2 Qxd4 38. Rh3 Ke7 39.
Re3 f5 40. g3 Qb2+ 41. Ke1 Ke6 42. Bd3 e4 43. Be2 Ke5 44. Bd1 Qb4+ 45. Ke2 f4
46. gxf4+ Kxf4 47. Rb3 Qc4+ 48. Kf2 Qd4+ 49. Ke2 e3 0-1

[Event "International Championship of Central Se"]
[Site "Paracin, hotel "]
[Date "2012.07.11"]
[Round "7.33"]
[White "Livaja, Mario"]
[Black "Miladinovic, Lena"]
[Result "1/2-1/2"]
[WhiteElo "2277"]
[BlackElo "2078"]
[PlyCount "96"]
[EventDate "2012.07.06"]

1. d4 Nf6 2. Nf3 e6 3. Bg5 c5 4. c3 cxd4 5. cxd4 Qb6 6. Qc2 Nc6 7. Bxf6 gxf6 8.
e3 d5 9. Nc3 Bd7 10. Be2 Rc8 11. O-O Be7 12. Rac1 O-O 13. Rfd1 f5 14. a3 Kh8
15. Na4 Qd8 16. Nc5 Rc7 17. b4 Nb8 18. Qb2 b6 19. Nxd7 Nxd7 20. Rxc7 Qxc7 21.
Rc1 Qd8 22. Qc3 Bd6 23. Ba6 Nf6 24. Qc6 Ne4 25. Qb7 Bb8 26. g3 Nd6 27. Qc6 Ne4
28. Qa4 Qf6 29. Qd7 Qg7 30. Rc8 Rxc8 31. Qxc8+ Qg8 32. Qc2 h6 33. Kg2 Kg7 34.
Bd3 Qd8 35. Bxe4 fxe4 36. Nd2 Bd6 37. f3 exf3+ 38. Nxf3 a5 39. bxa5 bxa5 40. a4
Qb6 41. g4 Qd8 42. h4 Qf6 43. Qc6 Bb4 44. Qc7 Qg6 45. Ne5 Qf6 46. Nf3 Qg6 47.
Ne5 Qf6 48. Nf3 Qg6 1/2-1/2

[Event "International Championship of Central Se"]
[Site "Paracin, hotel "]
[Date "2012.07.11"]
[Round "7.34"]
[White "Nikolic, Dragovan"]
[Black "Smirnov, Boris"]
[Result "1/2-1/2"]
[WhiteElo "2261"]
[BlackElo "2143"]
[PlyCount "96"]
[EventDate "2012.07.06"]

1. e4 c5 2. Nf3 e6 3. b3 Nc6 4. Bb2 Qc7 5. c4 d6 6. d4 cxd4 7. Nxd4 Nf6 8. Nc3
a6 9. Be2 Be7 10. O-O O-O 11. Rc1 b6 12. Nd5 exd5 13. cxd5 Nxe4 14. Nxc6 Bf6
15. Bxf6 Nxf6 16. Bf3 Re8 17. Qd4 Bf5 18. Rfe1 Rxe1+ 19. Rxe1 Re8 20. Rxe8+
Nxe8 21. g4 Bc8 22. Qe3 Kf8 23. h4 Bb7 24. Qd3 h6 25. Qd4 Nf6 26. g5 hxg5 27.
hxg5 Nd7 28. Qh4 Bxc6 29. Qh8+ Ke7 30. dxc6 Ne5 31. Bd5 Nxc6 32. Qxg7 Ne5 33.
Qf6+ Ke8 34. Qh8+ Ke7 35. Qf6+ Ke8 36. Qh8+ Ke7 37. Kg2 Qd7 38. Qf6+ Ke8 39.
Qh8+ Ke7 40. Qf6+ Ke8 41. Qf4 Kf8 42. a4 a5 43. Qe4 Qc8 44. Qf4 Qc5 45. Be4 Qd4
46. Qe3 Qxe3 47. fxe3 f6 48. gxf6 Kf7 1/2-1/2

[Event "International Championship of Central Se"]
[Site "Paracin, hotel "]
[Date "2012.07.11"]
[Round "7.35"]
[White "Mladenovic, Stefan"]
[Black "Zajic, Milan"]
[Result "1-0"]
[WhiteElo "2236"]
[BlackElo "2151"]
[PlyCount "73"]
[EventDate "2012.07.06"]

1. d4 d5 2. c4 c6 3. Nf3 Nf6 4. e3 Bf5 5. Nc3 e6 6. Nh4 Bg6 7. Nxg6 hxg6 8. Bd2
Nbd7 9. g3 Bd6 10. Qb3 Rb8 11. Bg2 Qe7 12. O-O O-O 13. Rfe1 Rfd8 14. e4 dxe4
15. Bg5 Nf8 16. Nxe4 N8h7 17. Nxf6+ Nxf6 18. Rad1 Qf8 19. Qf3 Be7 20. Bh3 Kh8
21. Re3 Nd5 22. Bxe7 Nxe7 23. g4 g5 24. Re5 f6 25. Rxe6 Ng6 26. Bf1 Nf4 27. Re3
Qd6 28. Re4 Re8 29. Rde1 Qd7 30. h4 Rxe4 31. Rxe4 Re8 32. Rxe8+ Qxe8 33. hxg5
fxg5 34. d5 cxd5 35. cxd5 Qe5 36. Bc4 Qxb2 37. Qh1+ 1-0

[Event "International Championship of Central Se"]
[Site "Paracin, hotel "]
[Date "2012.07.11"]
[Round "7.36"]
[White "Hadzi - Manev, Ljubomir"]
[Black "Milovanovic, Srboljub"]
[Result "1/2-1/2"]
[WhiteElo "2089"]
[BlackElo "2217"]
[PlyCount "101"]
[EventDate "2012.07.06"]

1. b3 d5 2. Bb2 Nf6 3. e3 g6 4. c4 Be6 5. Nf3 Bg7 6. Be2 c6 7. O-O O-O 8. d3
Bc8 9. Qc2 Nbd7 10. cxd5 cxd5 11. a4 a5 12. Rc1 Ne8 13. Bxg7 Kxg7 14. Nc3 Nb6
15. Nb5 Bd7 16. d4 f6 17. Qd2 Bc6 18. Ne1 Nd6 19. Nxd6 Qxd6 20. Nd3 Rfc8 21. f4
Nd7 22. Bg4 e6 23. b4 axb4 24. Qxb4 Qxb4 25. Nxb4 Kf7 26. Be2 Ke7 27. Nxc6+
Rxc6 28. Bb5 Rxc1+ 29. Rxc1 Kd6 30. Kf2 Nb6 31. Rb1 Kc7 32. Rc1+ Kd8 33. Rb1
Nc8 34. Bd3 Nd6 35. Rb4 Rc8 36. a5 Rc3 37. Ke2 Ra3 38. a6 bxa6 39. Rb6 Kc7 40.
Rxa6 Rxa6 41. Bxa6 Kb6 42. Bd3 Ka5 43. h4 Ne4 44. g4 f5 45. g5 Kb4 46. Ba6 Nd6
47. Kd2 Ka5 48. Bd3 Ne4+ 49. Bxe4 fxe4 50. Kc3 Ka4 51. Kc2 1/2-1/2

[Event "International Championship of Central Se"]
[Site "Paracin, hotel "]
[Date "2012.07.11"]
[Round "7.37"]
[White "Kalinic, Dusan"]
[Black "Persson, Richard"]
[Result "1-0"]
[WhiteElo "2082"]
[BlackElo "2193"]
[PlyCount "125"]
[EventDate "2012.07.06"]

1. d4 Nf6 2. c4 g6 3. Nf3 Bg7 4. g3 d6 5. Bg2 O-O 6. O-O Nc6 7. d5 Na5 8. Nbd2
c5 9. Qc2 b5 10. e4 Ba6 11. cxb5 Bxb5 12. Re1 Nd7 13. Nb1 Rb8 14. Nc3 Ba6 15.
Bf4 Nc4 16. Rab1 Qa5 17. Bd2 Rb4 18. Bf1 Rfb8 19. Bxc4 Rxc4 20. Rbc1 Qc7 21. b3
Rcb4 22. Na4 R4b7 23. Bc3 Bh6 24. Rcd1 c4 25. b4 Rxb4 26. Bxb4 Rxb4 27. Rb1 Qa5
28. Rxb4 Qxb4 29. Rb1 Qa3 30. Nd4 Ne5 31. Nc6 Ng4 32. Rb8+ Kg7 33. Nxe7 Qf3 34.
Rg8+ Kf6 35. Nc6 Nxf2 36. Qc3+ Qxc3 37. Nxc3 Be3 38. Kg2 Nd3 39. Rd8 Bd2 40.
Rxd6+ Kg7 41. Ne2 c3 42. Ncd4 Bc4 43. Nc2 Bxa2 44. Ned4 a5 45. Ra6 Bb1 46. d6
Nb4 47. d7 Bg5 48. Rxa5 Nxc2 49. Rxg5 Nxd4 50. d8=Q Bxe4+ 51. Kf2 Ne6 52. Qa5
Nxg5 53. Qxg5 c2 54. Qc5 Bf5 55. g4 Bxg4 56. Qxc2 h5 57. h4 f6 58. Qc7+ Kf8 59.
Qh7 Bf5 60. Ke3 Bb1 61. Kd4 Bf5 62. Kd5 Bb1 63. Ke6 1-0

[Event "International Championship of Central Se"]
[Site "Paracin, hotel "]
[Date "2012.07.11"]
[Round "7.38"]
[White "Debevec, Blaz"]
[Black "Jovanovic, Bojan P"]
[Result "1/2-1/2"]
[WhiteElo "2083"]
[BlackElo "2185"]
[PlyCount "90"]
[EventDate "2012.07.06"]

1. d4 d5 2. c4 c6 3. Nc3 Nf6 4. Nf3 dxc4 5. a4 Na6 6. e3 Bg4 7. Bxc4 e6 8. h3
Bh5 9. O-O Nb4 10. Qe2 Be7 11. Rd1 O-O 12. Bb3 c5 13. g4 Bg6 14. Ne5 cxd4 15.
exd4 Nfd5 16. f4 Bf6 17. Nxd5 Nxd5 18. Qf3 Bxe5 19. dxe5 Qb6+ 20. Kh1 Be4 21.
Qxe4 Qxb3 22. Qd3 Qxd3 23. Rxd3 Rfc8 24. b3 Rc2 25. f5 Re2 26. fxe6 fxe6 27.
Ba3 Rxe5 28. Rf3 Re3 29. Rxe3 Nxe3 30. Bc5 Nd5 31. a5 h6 32. Kg2 Kf7 33. Rf1+
Nf6 34. Bd4 a6 35. Rc1 Re8 36. Be5 Re7 37. Rc3 Rd7 38. b4 Ne8 39. Rb3 Rd5 40.
Rf3+ Ke7 41. Re3 Rb5 42. Bd4 Rd5 43. Bc5+ Kf7 44. Kg3 Nf6 45. Rf3 e5 1/2-1/2

[Event "International Championship of Central Se"]
[Site "Paracin, hotel "]
[Date "2012.07.11"]
[Round "7.39"]
[White "Iliev, Dimitar"]
[Black "Dimic, Pavle"]
[Result "0-1"]
[WhiteElo "2137"]
[BlackElo "2116"]
[Annotator "Milojevic,Boban"]
[PlyCount "50"]
[EventDate "2012.07.06"]

1. e4 c5 2. Nf3 Nc6 3. d4 cxd4 4. Nxd4 Nf6 5. Nc3 d6 6. g3 g6 7. Bg2 Nxd4 8.
Qxd4 Bg7 9. O-O O-O 10. Qd3 Be6 11. Nd5 Bxd5 12. exd5 Nd7 13. Be3 Qc7 14. c3
Rfe8 15. f4 a5 16. Rae1 a4 17. Bh3 Nc5 18. Qc2 a3 19. b3 Na6 20. c4 Qa5 21. f5
Qc3 22. Qf2 Kh8 23. Rc1 Qb2 24. Rc2 Qf6 25. Rd1 g5 {... necitko} 0-1

[Event "International Championship of Central Se"]
[Site "Paracin, hotel "]
[Date "2012.07.11"]
[Round "7.40"]
[White "Colovic, Zoran"]
[Black "Kovacevic, Bozidar"]
[Result "1-0"]
[WhiteElo "2129"]
[BlackElo "1915"]
[PlyCount "111"]
[EventDate "2012.07.06"]

1. e4 e6 2. d4 d5 3. Nc3 dxe4 4. Nxe4 Nd7 5. Nf3 Ngf6 6. Ng3 c5 7. c3 Be7 8.
Bd3 O-O 9. O-O b6 10. Re1 Bb7 11. Qe2 Re8 12. Ng5 cxd4 13. cxd4 Nf8 14. Be3 a6
15. h4 h6 16. Nf3 Nd5 17. h5 Nxe3 18. fxe3 Bh4 19. Nxh4 Qxh4 20. Qf2 Rac8 21.
Rf1 Rc7 22. Rac1 Rec8 23. Rc3 b5 24. Rc5 f6 25. Ne4 Qxf2+ 26. Kxf2 Bxe4 27.
Rxc7 Rxc7 28. Bxe4 Kf7 29. Bd3 Nd7 30. e4 Ke7 31. Ke3 Kd6 32. g4 e5 33. d5 Rc5
34. Kd2 a5 35. b3 b4 36. Bc4 Nf8 37. g5 hxg5 38. h6 Nd7 39. hxg7 Rc8 40. Bb5
Rg8 41. Bxd7 Kxd7 42. Rxf6 Rxg7 43. Ke2 Rg8 44. Re6 Rc8 45. Rxe5 Rc2+ 46. Kd3
Rxa2 47. Rxg5 a4 48. bxa4 b3 49. Rg6 Rxa4 50. Rb6 Ra3 51. Kd4 Ra4+ 52. Ke5 Ra3
53. Rb5 Kc7 54. Kd4 Kd6 55. e5+ Kc7 56. Kc5 1-0

[Event "International Championship of Central Se"]
[Site "Paracin, hotel "]
[Date "2012.07.11"]
[Round "7.41"]
[White "Thestrup, Sixten"]
[Black "Jandric, Damjan"]
[Result "1-0"]
[WhiteElo "2036"]
[BlackElo "2010"]
[PlyCount "81"]
[EventDate "2012.07.06"]

1. c4 Nf6 2. g3 g6 3. Bg2 Bg7 4. Nc3 O-O 5. e4 d6 6. Nge2 c5 7. O-O Nc6 8. d3
Bg4 9. h3 Bxe2 10. Nxe2 Ne8 11. f4 Nc7 12. f5 Rb8 13. Rb1 b5 14. b3 bxc4 15.
dxc4 Na6 16. Nf4 Ne5 17. Nd5 Nb4 18. Bg5 Nxd5 19. exd5 Rb7 20. Qd2 Qb6 21. Be4
Re8 22. Kg2 Qb4 23. Qe2 a5 24. a4 Reb8 25. Bd2 Qb6 26. Bc2 Qa6 27. h4 Kh8 28.
h5 gxf5 29. Rxf5 e6 30. Rf2 exd5 31. Bg5 f6 32. Bxf6 Bxf6 33. Rxf6 Kg8 34. Qxe5
dxe5 35. Rxa6 Rg7 36. cxd5 Rxg3+ 37. Kf1 Rg2 38. Be4 Rh2 39. Rh6 Rf8+ 40. Kg1
Re2 41. Bxh7+ 1-0

[Event "International Championship of Central Se"]
[Site "Paracin, hotel "]
[Date "2012.07.11"]
[Round "7.42"]
[White "Tisma, Ivan"]
[Black "Katic, Goran"]
[Result "1-0"]
[WhiteElo "2134"]
[BlackElo "1989"]
[PlyCount "98"]
[EventDate "2012.07.06"]

1. Nf3 Nf6 2. c4 e6 3. g3 b6 4. Bg2 Bb7 5. O-O Be7 6. Nc3 O-O 7. d4 d5 8. Ne5
Nbd7 9. Bf4 c6 10. Qa4 Nxe5 11. Bxe5 a6 12. cxd5 b5 13. Qb3 cxd5 14. Rac1 Rc8
15. Nb1 Qd7 16. Nd2 Rxc1 17. Rxc1 Rc8 18. Rc2 Rxc2 19. Qxc2 Qc6 20. Qxc6 Bxc6
21. Nb3 Nd7 22. Bc7 Kf8 23. Kf1 Ke8 24. Ke1 Bd8 25. Bxd8 Kxd8 26. Kd2 Kc7 27.
Kc3 Kb6 28. Bf3 a5 29. a3 Nf6 30. Nc5 Ne8 31. h4 Nd6 32. Nd3 Ne4+ 33. Bxe4 dxe4
34. Nf4 Bd5 35. Nh5 g6 36. Nf6 h5 37. Nd7+ Kc7 38. Ne5 Kd8 39. Nxf7+ Ke7 40.
Ne5 Kf6 41. Kd2 Kf5 42. Ke3 g5 43. hxg5 Kxg5 44. Nf7+ Kg4 45. Nd6 b4 46. Nxe4
bxa3 47. bxa3 Kf5 48. Nd6+ Kg4 49. Nf7 Bc4 1-0

[Event "International Championship of Central Se"]
[Site "Paracin, hotel "]
[Date "2012.07.11"]
[Round "7.44"]
[White "Ristovich, Dmitar S"]
[Black "Filipovic, Tomislav S"]
[Result "1-0"]
[WhiteElo "1916"]
[BlackElo "1865"]
[Annotator "Milojevic,Boban"]
[PlyCount "48"]
[EventDate "2012.07.06"]

1. d4 g6 2. c4 Nf6 3. Nc3 d6 4. e4 Bg7 5. h3 O-O 6. Bg5 Nbd7 7. Nf3 c5 8. d5
Qc7 9. Be2 a6 10. a4 Re8 11. O-O b6 12. Qd2 Bb7 13. Rad1 Rab8 14. Rfe1 Kh8 15.
Bf1 Ng8 16. Be3 h6 17. Nh2 Kh7 18. f4 Bc8 19. Nf3 Nf8 20. Bf2 Bd7 21. e5 Qc8
22. Ne4 dxe5 23. fxe5 Bxa4 24. Ra1 Bd7 {...necitko} 1-0